| 000 | 01186 a2200349 4500 | ||
|---|---|---|---|
| 999 |
_c200421056 _d37992 |
||
| 001 | 200421056 | ||
| 003 | TR-AnTOB | ||
| 005 | 20240828073826.0 | ||
| 008 | 150120s tu 000 0 | ||
| 040 |
_aTR-AnTOB _btur _erda _cTR-AnTOB |
||
| 041 | 0 | _atur | |
| 050 | 0 | 0 |
_aJQ1809.A795 _bT49 1976 |
| 090 | _aJQ1809.A795 T49 1976 | ||
| 100 | 1 |
_aTeziç, Erdoğan _974256 |
|
| 245 | 1 | 0 |
_a100 soruda siyasî partiler : _b(partilerin hukukî rejimi ve Türkiye'de partiler) / _cErdoğan Teziç. |
| 246 | 1 | 3 | _a100 soruda siyasî partiler |
| 246 | 1 | 3 | _aPartilerin hukukî rejimi ve Türkiye'de partiler |
| 246 | 1 | 3 | _aSiyasî partiler |
| 264 |
_a: _bGerçek Yayınevi, _c1976. |
||
| 300 |
_aİstanbul : _c20 cm. |
||
| 336 |
_atext _2rdacontent _btxt |
||
| 337 |
_aunmediated _2rdamedia _bn |
||
| 338 |
_avolume _2rdacarrier _bnc |
||
| 490 | 0 |
_a100 Soruda Dizisi ; _v47 |
|
| 504 | _aIncludes bibliographical references. | ||
| 650 | 0 | 7 |
_aSiyasal partiler _zTürkiye _xTürkiye. _2etuturkob _945613 |
| 650 | 0 | 7 |
_aSiyasal partiler _zTürkiye _2etuturkob _945613 |
| 650 | 0 | 0 |
_aPolitical parties _97066 |
| 650 | 0 | 0 |
_aPolitical parties _zTurkey _911610 |
| 942 |
_cBK _2lcc |
||